Architectural Institute of Japan (Record no. 120045)

MARC details
000 -LEADER
fixed length control field 00801cam a2200205 4500
001 - CONTROL NUMBER
control field WS118028
008 - FIXED-LENGTH DATA ELEMENTS--GENERAL INFORMATION
fixed length control field 020517n 000 0 eng u
035 ## - SYSTEM CONTROL NUMBER
System control number (Sirsi) u118028
110 ## - MAIN ENTRY--CORPORATE NAME
Corporate name or jurisdiction name as entry element Architectural Institute of Japan
9 (RLIN) 4244
245 ## - TITLE STATEMENT
Title Architectural Institute of Japan
520 ## - SUMMARY, ETC.
Summary, etc. Web site for this Japanese organisation for architects. Includes their code of ethics, details of their annual prizes, details of publications and links to the 'Journal of Asian Architecture and Building Engineering'.
650 ## - SUBJECT ADDED ENTRY--TOPICAL TERM
Topical term or geographic name entry element JAPAN
650 ## - SUBJECT ADDED ENTRY--TOPICAL TERM
Topical term or geographic name entry element INTERNATIONAL
650 ## - SUBJECT ADDED ENTRY--TOPICAL TERM
Topical term or geographic name entry element ORGANISATION
650 ## - SUBJECT ADDED ENTRY--TOPICAL TERM
Topical term or geographic name entry element ARCHITECTURE
650 ## - SUBJECT ADDED ENTRY--TOPICAL TERM
Topical term or geographic name entry element CODE OF ETHICS
690 ## - LOCAL SUBJECT ADDED ENTRY--TOPICAL TERM (OCLC, RLIN)
Topical term or geographic name as entry element BUILT ENVIRONMENT-CONSTRUCTION DESIGN
856 40 - ELECTRONIC LOCATION AND ACCESS
Uniform Resource Identifier <a href="https://www.aij.or.jp">https://www.aij.or.jp</a>
Public note View the website free of charge at www.aij.or.jp...
942 ## - ADDED ENTRY ELEMENTS (KOHA)
Suppress in OPAC 0
Holdings
Withdrawn status Lost status Source of classification or shelving scheme Damaged status Not for loan Home library Current library Shelving location Date acquired Total Checkouts Full call number Barcode Date last seen Copy number Price effective from Koha item type
    Dewey Decimal Classification     Virtual Virtual Online 17/05/2002   WEB SITE 118028-2001 06/08/2019 1 06/08/2019 Online material